TV Dad Occupations Quiz Stats

 Plays Quiz Updated Nov 4, 2014

Also try: Famous TV Dads
Challenge
Share
Tweet
Embed
Score 0/25 Timer 05:00
0 Plays Today
% Correct
Host of 'Tool Time'
88.4%
Meth Manufacturer
88%
Blood Spatter Analyst
79.6%
Sports Writer
78.6%
Judge
78.5%
Farmer
78.4%
CEO of the Bluth Company
77.1%
Shoe Salesman
76.7%
Sheriff
76.6%
Astrophysicist
76.4%
Lord of Winterfell
75.1%
Gravedigger
74.4%
OB|GYN
74.3%
% Correct
Morning Talk Show Host
73.2%
Architect
72.4%
Real Estate Agent
71.8%
Earl of Grantham
71.6%
Housekeeper
67.5%
CIA Officer
67.5%
Hardware Store Owner
65.9%
Chiropractor
63.9%
Dry-Cleaning Business Owner
63.8%
Waste Management Consultant
62.4%
Psychiatrist
56.9%
Sawmill Operator
50.2%

You're not logged in!

Compare scores with friends on all Sporcle quizzes.
Join for Free
OR
Log In

You Might Also Like...

Show Comments

Extras

Top Quizzes Today


Score Distribution

Your Account Isn't Verified!

In order to create a playlist on Sporcle, you need to verify the email address you used during registration. Go to your Sporcle Settings to finish the process.

Report this User

Report this user for behavior that violates our Community Guidelines.

Details: